Представление документа в формате RUSMARC

ПолеНазваниеЗначение
  Тип записи a
  Библиографический уровень a
001 Контрольный номер RU/CBS_UL/BASE/34ab8245cb2d481ba286dcc048b580a9
005 Дата корректировки 20250930225945.6
100 Данные общей обработки __
a Данные общей обработки 20250930 ||| 0rusy0189 ca
101 Язык документа 0_
a Язык текста rus
102 Страна публикации __
a Страна публикации RU
200 Заглавие и сведения об ответственности 1_
a Заглавие Невидимка
e Сведения, относящиеся к заглавию [рассказ]
f Первые сведения об ответственности А.В. Тимофеев
300 Общие примечания __
a Общие примечания Содерж. : А.В. Тимофеев
300 Общие примечания __
a Общие примечания 16+
461 Уровень набора _0
1 2000
a Чудеса и приключения
463 Уровень физической единицы _0
1 2000
a № 6
v С. 90-93 : ил
1 2101
d 2022
1 001RU/CBS_UL/BASE/709126003
600 Персоналии _1
a Персоналии (Фамилия) Тимофеев
b Персоналии (Имя, инициалы) А.В.
606 Тематические рубрики 0_
a Основная рубрика Русская литература (произведения), 19 в. - Проза
610 Ключевые слова 0_
a Ключевые слова русская литература, художественные произведения, проза, рассказы
686 Индексы других классификаций __
2 Код системы rubbk
a Классификационный индекс 84(2Рос=Рус)1-44
700 Автор _1
a Фамилия Тимофеев
b Имя (инициалы) А.В.
801 Источник записи _0
a Страна RU
b Организация МБУК ЦБС г. Ульяновска
c Дата составления 20250930
g Правила каталогизации RCR
801 Источник записи _1
a Страна RU
b Организация МБУК ЦБС г. Ульяновска
c Дата составления 20250930
g Правила каталогизации RCR
901 Тип документа __
t Тип документа b
w Контрольный № источника RU/CBS_UL/BASE/709126003
909 Создатель записи __
a Создатель записи lib1